Introducción a la Estética: Historia, Teoría, Textos.

Guardat en:
Dades bibliogràfiques
Autor principal: Plazaola, Juan (autor)
Format: Llibre
Publicat: Bilbao, España: Universidad de Deusto, 2007.
Edició:Cuarta edición.
Col·lecció:Serie Filosofía,
Matèries:
Etiquetes: Afegir etiqueta
Sense etiquetes, Sigues el primer a etiquetar aquest registre!

MARC

LEADER 00000nam a22000007a 4500
003 CL-VaPUC
005 20250407202445.0
008 250313t2007 ||||| |||| 00| 0 eng d
999 |c 447307  |d 447305 
020 |a 978-84-9830-100-7 
040 |c Pontificia Universidad Católica de Valparaíso 
082 |a 701.17 PLA 2007 
100 |9 522909  |a Plazaola, Juan  |e autor 
245 |a Introducción a la Estética:  |b Historia, Teoría, Textos. 
250 |a Cuarta edición. 
260 |a Bilbao, España:  |b Universidad de Deusto,  |c 2007. 
300 |a 623 páginas:  |b ilustraciones. 
490 |a Serie Filosofía,  |n  19. 
500 |a c.1-c.2. Instituto Arcos.08-01-2025. 
583 |c 20250313  |k Gabriela Rodríguez Cuevas 
650 0 |9 264950  |a Estética   |x Historia 
650 0 |9 264951  |a Filosofía del arte 
942 |2 ddc  |c BK  |n 0 
952 |0 0  |1 0  |2 ddc  |4 0  |6 701_170000000000000_PLA_2007  |7 0  |8 A  |9 601154  |a BIBINC  |b BIBINC  |d 2025-03-13  |e Instituto Arcos  |i 5665968  |o 701.17 PLA 2007  |p 5665968  |r 2025-03-13  |t 1  |w 2025-03-13  |y BK  |k IFP 
952 |0 0  |1 0  |2 ddc  |4 0  |6 701_170000000000000_PLA_2007  |7 0  |8 A  |9 601155  |a BIBINC  |b BIBINC  |d 2025-03-13  |e Instituto Arcos  |i 5665969  |o 701.17 PLA 2007  |p 5665969  |r 2025-03-13  |t 2  |w 2025-03-13  |y BK  |k IFP